000 00945nam a2200229Ia 4500
001 10120
003 GE_BSU
008 181216s||||||||xx |||||||||||||| ||und||
020 _a978994222689
040 _cGE_BSU
080 _a811.353.1'34(075.8)
100 _aფუტკარაძე,ტარიელ.მიქაუტაძე,მაია
245 _aქართული სამწიგნობრო ენის ფონეტიკა
245 _bPhonetics of the Georgian Literary Language
245 _cრედ.მერაბ ბერიძე.სარედ.საბჭო ნესტან სულავა(რედ.მოადგილე)
260 _aთბილისი
260 _bუნივერსალი
260 _c2014
300 _a163გვ.20სმ.
653 _aქართული სამწიგნობრო ენის ფონეტიკა
942 _cBK
999 _c43392
_d43392